The text book of Building construction (Record no. 5181)
[ view plain ]
| 000 -LEADER | |
|---|---|
| fixed length control field | 00495nam a2200169Ia 4500 |
| 003 - CONTROL NUMBER IDENTIFIER | |
| control field | SGT |
| 020 ## - INTERNATIONAL STANDARD BOOK NUMBER | |
| International Standard Book Number | 9788189928803 |
| 082 ## - DEWEY DECIMAL CLASSIFICATION NUMBER | |
| Classification number | 690 |
| Item number | ARO |
| 100 ## - MAIN ENTRY--PERSONAL NAME | |
| Personal name | Arora,S.P. |
| 245 #4 - TITLE STATEMENT | |
| Title | The text book of Building construction |
| 260 ## - PUBLICATION, DISTRIBUTION, ETC. (IMPRINT) | |
| Name of publisher, distributor, etc | Dhanpat Rai Publication |
| Place of publication, distribution, etc | New Delhi |
| Year of Publication | 2011 |
| 300 ## - PAGE DESCRIPTION | |
| No. of Pages | Vp. |
| 650 ## - SUBJECT ADDED ENTRY--TOPICAL TERM | |
| Topical term or geographic name as entry element | CIVIL ENGINEERIG |
| 653 ## - KEYWORDS--INDEX TERM | |
| Keyword term | PREAMBLE,INTRODUCTORY BUILDING TERMINOLOGY,FOUNDATIONS,FRAMED STRUCTURES AND PARTITIONS,ARCHES AND LINTELS |
| 700 ## - ADDED ENTRY--PERSONAL NAME | |
| Personal name | Bindra,S.P |
| 942 ## - ADDED ENTRY ELEMENTS (KOHA) | |
| Source of classification or shelving scheme | Dewey Decimal Classification |
| Koha item type | Books |
| 942 ## - ADDED ENTRY ELEMENTS (KOHA) | |
| -- | 1 |
| Withdrawn status | Lost status | Source of classification or shelving scheme | Damaged status | Not for loan | Home library | Current library | Date acquired | SGTU | Total Checkouts | Full call number | Accession No. (Barcode) | Date last seen | Bill Date | Koha item type | Total Renewals | Date last borrowed |
|---|---|---|---|---|---|---|---|---|---|---|---|---|---|---|---|---|
| Dewey Decimal Classification | SGT Engineering Library | SGT Engineering Library | 24/06/2011 | SGTU | 690 ARO | FE3097 | 09/02/2015 | 09/02/2015 | Books | |||||||
| Dewey Decimal Classification | SGT Engineering Library | SGT Engineering Library | 24/06/2011 | SGTU | 690 ARO | FE3098 | 09/02/2015 | 09/02/2015 | Books | |||||||
| Dewey Decimal Classification | SGT Engineering Library | SGT Engineering Library | 24/06/2011 | SGTU | 690 ARO | FE3099 | 09/02/2015 | 09/02/2015 | Books | |||||||
| Dewey Decimal Classification | SGT Engineering Library | SGT Engineering Library | 24/06/2011 | SGTU | 3 | 690 ARO | FE3100 | 11/12/2023 | 09/02/2015 | Books | 1 | 20/09/2023 | ||||
| Withdrawn | Dewey Decimal Classification | SGT Engineering Library | SGT Engineering Library | 24/06/2011 | SGTU | 690 ARO | FE3101 | 09/02/2015 | 09/02/2015 | Books |